Law relating to damages, claims and compensation

Сохранить в:
Библиографические подробности
Главный автор: Mitra S.C
Формат:
Опубликовано: New Delhi: Orient publishing company, c2005.
Предметы:
Метки: Добавить метку
Нет меток, Требуется 1-ая метка записи!

MARC

LEADER 00000nam a22000007a 4500
005 20260414053923.0
020 |a 8187197242  |c TZS 31,644/= 
040 |a MCCL  |b eng.  |e AACR 2nd rev. ed. 
082 |a 347.077 MIT 
100 |a Mitra S.C. 
245 |a Law relating to damages, claims and compensation  |c /S.C. Mitra 
260 |a New Delhi:  |b Orient publishing company,  |c c2005. 
300 |a cclvi,1568p.:  |c 24 cm. 
504 |a Includes index 
546 |a eng. 
650 |a Claim of damages 
650 |a Damages in contract 
650 |a Claim and compensation 
942 |c BK 
999 |c 12580  |d 12580